Datum a čas kvízu
39.5
Celkem bodů
Celkový počet nahraných bodů na tomto kvízu bez doplňovacích otázek.
2.
Pořadí na kvízu
Konečné umístění týmu na tomto kvízu.
Zaznamenané odpovědi
| # | Otázka | Odpověď | Body | Výsledky |
|---|---|---|---|---|
| 1. | Řídit soupravu pražského metra... | 0 | ||
| 2. | Loď slavného polárního badatel... | 0 | ||
| 3. | Čínské úřady nedovolily v zemi... | 1 | ||
| 4. | Liberecká buňka KSČM zveřejnil... | 1 | ||
| 5. | Jak se jmenuje 27 letá oštěpař... | 1 | ||
| 6. | Partnerem Hospodského kvízu se... | 1 | ||
| 7. | Když se řekne rum, může to něk... | 1 | ||
| 8. | Jak se dvěma cizími slovy nazý... | 0 | ||
| 9. | Napište podtitul prvního dílu... | 1 | ||
| 10. | Ikonou rumů značky Captain Mor... | 1 |